Random Countries: No Vowels - Statistics

General Stats
  • This quiz has been taken 938 times
  • The average score is 18 of 20
Answer Stats
Hint Country % Correct
BRZL Brazil
100%
CMRN Cameroon
100%
CST RC Costa Rica
100%
DNMRK Denmark
100%
L SLVDR El Salvador
100%
FNLND Finland
100%
GRMNY Germany
100%
GTML Guatemala
100%
HNGRY Hungary
100%
JPN Japan
100%
KZKHSTN Kazakhstan
100%
LTV Latvia
100%
LXMBRG Luxembourg
100%
MDGSCR Madagascar
100%
MRCC Morocco
100%
NW ZLND New Zealand
100%
NGR Nigeria
100%
NRTH KR North Korea
100%
PKSTN Pakistan
100%
PLND Poland
100%
PRTGL Portugal
100%
RWND Rwanda
100%
SLVK Slovakia
100%
SWDN Sweden
100%
SWTZRLND Switzerland
100%
SYR Syria
100%
TNZN Tanzania
100%
THLND Thailand
100%
TRNDD & TBG Trinidad and Tobago
100%
NTD KNGDM United Kingdom
100%
VNZL Venezuela
100%
VTNM Vietnam
100%
FGHNSTN Afghanistan
99%
BNGLDH Bangladesh
99%
CYPRS Cyprus
99%
ETHP Ethiopia
99%
FJ Fiji
99%
FRNC France
99%
GBN Gabon
99%
GHN Ghana
99%
HNDRS Honduras
99%
JRDN Jordan
99%
LBNN Lebanon
99%
LTHN Lithuania
99%
MRSHLL SLNDS Marshall Islands
99%
NTHRLNDS Netherlands
99%
NGR Niger
99%
NRTH MCDNIA North Macedonia
99%
NRWY Norway
99%
QTR Qatar
99%
SNT KTTS & NVS Saint Kitts and Nevis
99%
SYCHLLS Seychelles
99%
SPN Spain
99%
SR LNK Sri Lanka
99%
SDN Sudan
99%
TWN Taiwan
99%
TNSA Tunisia
99%
TRKY Turkey
99%
TRKMNSTN Turkmenistan
99%
ZBKSTN Uzbekistan
99%
YMN Yemen
99%
ZMB Zambia
99%
ZMBBW Zimbabwe
99%
BHMS Bahamas
98%
BRBDS Barbados
98%
BLGM Belgium
98%
BHTN Bhutan
98%
BTSWN Botswana
98%
DMNCN RPBLC Dominican Republic
98%
JMC Jamaica
98%
KYRGYZSTN Kyrgyzstan
98%
MLW Malawi
98%
MLYS Malaysia
98%
MNGL Mongolia
98%
MZMBIQ Mozambique
98%
MYNMR Myanmar
98%
PHLPPNS Philippines
98%
STH KR South Korea
98%
RMN Armenia
97%
CMBD Cambodia
97%
CHL Chile
97%
CHN China
97%
CZCH RPBLC Czech Republic
97%
DJBT Djibouti
97%
GYPT Egypt
97%
VRY CST Ivory Coast
97%
KSV Kosovo
97%
LCHTNSTN Liechtenstein
97%
MXC Mexico
97%
NCRG Nicaragua
97%
SNGPR Singapore
97%
TJKSTN Tajikistan
97%
VTCN CTY Vatican City
97%
ZRBJN Azerbaijan
96%
BLRS Belarus
96%
BLGR Bulgaria
96%
CP VRD Cape Verde
96%
CLMB Colombia
96%
LSTH Lesotho
96%
ML Mali
96%
MLT Malta
96%
PNM Panama
96%
PP NW GN Papua New Guinea
96%
PRGY Paraguay
96%
RMN Romania
96%
SNT LC Saint Lucia
96%
SRB Serbia
96%
SLVN Slovenia
96%
STH SDN South Sudan
96%
HT Haiti
95%
KNY Kenya
95%
KRBT Kiribati
95%
KWT Kuwait
95%
LBY Libya
95%
MLDV Moldova
95%
MNTNGR Montenegro
95%
RSS Russia
95%
SNGL Senegal
95%
BHRN Bahrain
94%
BNN Benin
94%
BRKN FS Burkina Faso
94%
CHD Chad
94%
GMB Gambia
94%
NMB Namibia
94%
NPL Nepal
94%
SLMN SLNDS Solomon Islands
94%
SRNM Suriname
94%
MLDVS Maldives
93%
BLZ Belize
92%
DMNC Dominica
92%
QTRL GN Equatorial Guinea
92%
GRC Greece
92%
GN- BSS Guinea-Bissau
92%
TG Togo
92%
CRT Croatia
91%
LS Laos
91%
SN MR San Marino
91%
TVL Tuvalu
91%
BLV Bolivia
90%
CND Canada
90%
CB Cuba
90%
GYN Guyana
90%
PR Peru
90%
SML Somalia
90%
GRND Grenada
89%
LBR Liberia
89%
PL Palau
89%
STH FRC South Africa
89%
RQ Iraq
88%
RLND Ireland
88%
SRR LN Sierra Leone
88%
NGL Angola
87%
RGNTN Argentina
87%
TLY Italy
87%
MNC Monaco
87%
CMRS Comoros
86%
MRTS Mauritius
86%
S TM & PRNCP São Tomé and Príncipe
86%
TNG Tonga
86%
VNT Vanuatu
86%
LGR Algeria
84%
ST TMR East Timor
84%
NTD STTS United States
84%
BRND Burundi
83%
NR Nauru
83%
RN Iran
82%
SM Samoa
82%
GRG Georgia
81%
MRTN Mauritania
80%
SD RB Saudi Arabia
80%
SWTN Eswatini
78%
MN Oman
78%
NDRR Andorra
77%
BRN Brunei
73%
LBN Albania
72%
CLND Iceland
72%
STR Austria
70%
RGY Uruguay
70%
ND India
69%
STRL Australia
68%
STN Estonia
65%
GND Uganda
64%
NTD RB MRTS United Arab Emirates
64%
GN Guinea
62%
NDNS Indonesia
60%
KRN Ukraine
55%
RTR Eritrea
54%
CDR Ecuador
43%
No matching quizzes found
Score Distribution
Percent of People with Each Score
Percentile by Number Answered
Your Score History
You have not taken this quiz